|
|
|
|
| LEADER |
00586cam a2200157 7i4500 |
| 001 |
0000026470 |
| 005 |
20110714090000.0 |
| 090 |
0 |
0 |
|a PHOT 658.314
|b MAL (CD)
|
| 110 |
2 |
0 |
|a Malaysia External Trade Development Corporation (MATRADE)
|
| 245 |
2 |
0 |
|a Kursus budaya kerja cemerlang (21 - 24 Mac 2006, Eagle Bay Hotel : Langkawi).
|
| 300 |
# |
# |
|a 50 Photographs:
|b col.;
|c 1CD-RW.
|
| 500 |
0 |
0 |
|a Photographs
|
| 650 |
0 |
0 |
|a Employee motivation
|
| 650 |
0 |
0 |
|a MATRADE --
|x Photograph collection --
|x 2006
|
| 650 |
0 |
0 |
|a Employes --
|x Attitudes
|
| 999 |
|
|
|a PC00000152
|b Photographs
|c Photographs
|e Business Information Centre
|